HENRY'S CLINICAL DIAGNOSIS & MANAGEMENT BY LABORATORY METHODS (Record no. 18528)

MARC details
000 -LEADER
fixed length control field 00404nam a22001577a 4500
003 - CONTROL NUMBER IDENTIFIER
control field SGT
082 ## - DEWEY DECIMAL CLASSIFICATION NUMBER
Classification number 616.07
Item number H11M
100 ## - MAIN ENTRY--PERSONAL NAME
Personal name MOPHERSON,RICHARD
245 ## - TITLE STATEMENT
Title HENRY'S CLINICAL DIAGNOSIS & MANAGEMENT BY LABORATORY METHODS
250 ## - EDITION STATEMENT
Edition statement 22ND
260 ## - PUBLICATION, DISTRIBUTION, ETC. (IMPRINT)
Place of publication, distribution, etc PHILADELPHY
Name of publisher, distributor, etc ELSEVIER PUB
Year of Publication 2012
300 ## - PAGE DESCRIPTION
No. of Pages 2147
650 ## - SUBJECT ADDED ENTRY--TOPICAL TERM
Topical term or geographic name as entry element HOMOEOPATHIC
653 ## - KEYWORDS--INDEX TERM
Keyword term CLINICAL DIAGNOSIS, MANAGEMENT,
942 ## - ADDED ENTRY ELEMENTS (KOHA)
Source of classification or shelving scheme Dewey Decimal Classification
Koha item type Books
Holdings
Withdrawn status Lost status Source of classification or shelving scheme Damaged status Not for loan Home library Current library Shelving location Date acquired Vendor Name Cost, normal purchase price SGTU Bill Number Total Checkouts Full call number Accession No. (Barcode) Date last seen Bill Date Koha item type
    Dewey Decimal Classification     Homeopathy Library Homeopathy Library Reference Book 19/07/2019 ABC PUB 4895.00 SGTU 7136   616.07 H11M FH686 19/07/2019 09/08/2016 Books
    Dewey Decimal Classification     Homeopathy Library Homeopathy Library Reference Book 19/07/2019 ABC PUB 4895.00 SGTU 7136   616.07 H11M FH687 19/07/2019 09/08/2016 Books